| 000 | 00515nam a2200181Ia 4500 | ||
|---|---|---|---|
| 008 | 190427s9999 xx 000 0 und d | ||
| 100 | _aTomasello, Michael | ||
| 245 | _aMuch(much) more than mokey businesS | ||
| 245 | _cMichael Tomasello.-- | ||
| 260 | _bUniversity of Illinois Press | ||
| 260 | _c2018 | ||
| 300 | _aPages 108-112, Spring 2018 | ||
| 440 |
_aJournal of Psychology _v131(1) |
||
| 650 | _aHuman Morality | ||
| 650 | _aHuman Thinking | ||
| 650 | _aMokey Business | ||
| 650 | _aNatural History` | ||
| 999 |
_c361754 _d361754 |
||